Pasión analítica : (Registro nro. 14327)

Detalles MARC
000 -LIDER
fixed length control field 01232nam a2200313 a 4500
001 - NÚMERO DE CONTROL
Identificador de número de control 000046846
003 - IDENTIFICACDOR DE NÚMERO DE CONTROL
control field DO-SdBNP
005 - DATE AND TIME OF LATEST TRANSACTION
control field 20250624134934.0
008 - ELEMENTOS DE LONGITUD FIJA
fixed length control field 180403s2016 dr 001 0 spa d
020 ## - ISBN
International Standard Book Number 9789945423389
040 ## - FUENTE DE CATALOGACIÓN
Agencia que crea de manera original el registro DO-SdBNP
Idioma de catalogación spa
Agencia que realiza la transcripción BPMSU
082 ## - NÚMERO DE CLASIFICACIÓN DECIMAL DE DEWEY
Classification number 868.99
Item number C527p 2016
Edition number 22
100 1# - ASIENTO PRINCIPAL -- NOMBRE PERSONAL
Nombre personal Chevalier, Nan,
Fechas asociadas con el nombre 1965-
245 10 - MENCIÓN DE TITULO
Título Pasión analítica :
Subtítulo apuntes sobre escritores dominicanos e hispanoamericanos /
Mención de responsabilidad Nan Chevalier ; presentación Frank D´oleo.
260 ## - PUBLICACIÓN, DISTRIBUCIÓN, ETC. (PIE DE IMPRENTA)
Lugar de publicación, distribución, etc Santo Domingo, :
Nombre del editor, distribuidor, etc. APEC,
Fecha de publicación, distribución, etc 2016.
300 ## - DESCRIPCIÓN FÍSICA
Extensión 437 p. ;
Dimensiones 23 cm.
500 ## - NOTA GENERAL
Nota general Incluye datos biográficos del autor en las solapas de la cubierta
500 ## - NOTA GENERAL
Nota general Incluye índice onomástico
504 ## - NOTA DE BIBLIOGRAFÍA, ETC.
Bibliography, etc Incluye referencias bibliográficas y notas al pie de las páginas
504 ## - NOTA DE BIBLIOGRAFÍA, ETC.
Bibliography, etc Bibliografía p: 421-426
590 ## - NOTA LOCAL
Texto de la nota local Inventariado, 2022/VM
650 #4 - ENCABEZAMIENTO DE MATERIA--TEMÁTICO
Término temático o nombre geográfico como elemento de entrada Literatura dominicana
Subdivisión temática general Crítica e interpretación
650 #4 - ENCABEZAMIENTO DE MATERIA--TEMÁTICO
Término temático o nombre geográfico como elemento de entrada Autores hispanoamericanos
Subdivisión temática general Crítica e interpretación
650 #4 - ENCABEZAMIENTO DE MATERIA--TEMÁTICO
Término temático o nombre geográfico como elemento de entrada Literatura hispanoamericana
Subdivisión temática general Crítica e interpretación
650 #4 - ENCABEZAMIENTO DE MATERIA--TEMÁTICO
Término temático o nombre geográfico como elemento de entrada Escritores dominicanos
Subdivisión temática general Crítica e interpretación.
700 1# - ASIENTO SECUNDARIO -- NOMBRE PERSONAL
Nombre personal D´oleo, Frank
Mención de responsabilidad presentación
910 ## - VALIDACIÓN
Validación VMateo V. Control de caldiad BPMSU
942 ## - ADDED ENTRY ELEMENTS (KOHA)
Source of classification or shelving scheme Dewey Decimal Classification
Koha item type Libros
Existencias
Withdrawn status Lost status Source of classification or shelving scheme Damaged status Not for loan Collection code Home library Current library Date acquired Full call number Barcode Date last seen Price effective from Koha item type Total Checkouts Copy number
    Dewey Decimal Classification     Colección Dominicana Biblioteca Pública Metropolitana Salomé Ureña Biblioteca Pública Metropolitana Salomé Ureña 11/15/2022 BPMSU CD 868.99 C527p 2016 BPMSU22110012 11/15/2022 11/15/2022 Libros    
    Dewey Decimal Classification     Colección Dominicana Biblioteca Pública Metropolitana Salomé Ureña Biblioteca Pública Metropolitana Salomé Ureña 11/15/2022 BPMSU CD 868.99 C527p 2016 BPMSU25060105 06/24/2025 11/15/2022 Libros   e.2